000 00442nam a2200145Ia 4500
008 100204s9999 xx 000 0 und d
082 _b10252
100 _aफडके वि. के.
245 _aविलक्षण पैज
260 _b"शकुन प्रकाशन , पुणे 30"
_c1985
300 _a31
630 _aविलक्षण पैज
730 _aविलक्षण पैज
942 _cBOOK
999 _c454688
_d454685